| 000 | 00459nam a2200181Ia 4500 | ||
|---|---|---|---|
| 001 | 19005 | ||
| 005 | 20260306171712.0 | ||
| 008 | 260306s9999||||xx |||||||||||||| ||und|| | ||
| 041 | _aESP | ||
| 082 |
_a658.78 _bCH566I |
||
| 100 |
_aChopra, Sunil _eAUT |
||
| 245 | 0 |
_aSupply chain management: _bstrategy, planning, and operation |
|
| 260 | _c2013 | ||
| 300 |
_axii, 516 páginas : _c26 cm. |
||
| 650 | _aGEN | ||
| 654 | _aCAN | ||
| 942 |
_cLIB _dJUS _fJUS _2ddc _n |
||
| 999 |
_c19005 _d19005 |
||